Un modelo de balance hídrico computarizado
में बचाया:
| मुख्य लेखक: | |
|---|---|
| स्वरूप: | पुस्तक |
| प्रकाशित: |
[San José , Costa Rica]
1991
|
| विषय: | |
| टैग: |
टैग जोड़ें
कोई टैग नहीं, इस रिकॉर्ड को टैग करने वाले पहले व्यक्ति बनें!
|
MARC
| LEADER | 00000nam a2200000Ia 4500 | ||
|---|---|---|---|
| 003 | 007953 | ||
| 005 | 20221231144246.0 | ||
| 008 | 140114s1991 cr a m 000 ||s d | ||
| 040 | |c cru CEDI | ||
| 090 | |a TFG 3472 | ||
| 100 | |a Sánchez Córdoba, Fernando |9 10333 | ||
| 245 | |a Un modelo de balance hídrico computarizado | ||
| 260 | |c 1991 |a [San José , Costa Rica] | ||
| 300 | |a ix, 83 hojas : ilustraciones ; 28 cm. | ||
| 500 | |a Proyecto de graduacion (licenciatura en ingenieria agricola)--Universidad de Costa Rica. Facultad de Ingeniería. Escuela de Ingenieria Agricola | ||
| 650 | |x BALANCE HIDRICO (HIDROLOGIA) - PROGRAMAS PARA COMPUTADORA |9 10334 | ||
| 942 | |c TFG | ||
| 999 | |c 19211 |d 19211 | ||
